|
|
|
|
| LEADER |
00000cam a2200000 7i4500 |
| 001 |
0000045453 |
| 005 |
20090901.0 |
| 090 |
0 |
0 |
|a 297.1224045
|b HAS
|
| 100 |
0 |
|
|a Hassan Azahari
|f Dato Haji
|
| 245 |
1 |
0 |
|a Kelas Al-Quran nul karim disk 20 [
|h video compact disc]
|c Dato' Haji Hassan Azhari
|
| 260 |
|
|
|a Kuala Lumpur :
|b Asa Vision Sdn Bhd ,
|c 19-
|
| 300 |
|
|
|a 1 Video compact disc (60 minutes) :
|b col
|
| 500 |
|
|
|a Library has 2 set copies
|
| 520 |
0 |
|
|a Cd ini mengandungi surah As'Syam dan surah Al'Lail
|
| 650 |
0 |
0 |
|a Quran
|x Recitation
|
| 999 |
|
|
|a AV 02319
|b VIDEO COMPACT DISC
|c PINJAMAN
|e PERPUSTAKAAN KOMUNITI PETALING JAYA
|
| 999 |
|
|
|a AV 02339
|b VIDEO COMPACT DISC
|c PINJAMAN
|e PERPUSTAKAAN KOMUNITI PETALING JAYA
|